| 000 | 00916cam a2200217 4500 | ||
|---|---|---|---|
| 001 | L137309 | ||
| 008 | 070328s2007 xxk f 000 0 eng d | ||
| 035 | _a(Sirsi) u137309 | ||
| 041 | 0 | _aeng | |
| 100 | 1 | _aSinger, Bas P. | |
| 245 | 0 | 0 | _aCorporate real estate and competitive strategy |
| 260 | _c2007 | ||
| 490 | 0 |
_aJournal of Corporate Real Estate _v9(1) 2007, 25-38(12) |
|
| 520 | _aDiscusses the ways in which a standardisation real estate strategy supports competitive strategies, including lowest costs, differentiation and focus strategies. Reports that a value-based real estate strategy supports a competitive strategy of differentiation and differentiation-focus. | ||
| 590 | _aKA | ||
| 651 | 4 | _aInternational | |
| 690 | _aPROPERTY-COMMERCIAL PROPERTY-CORPORATE REAL ESTATE-CORPORATE REAL ESTATE MANAGEMENT | ||
| 700 | 1 | _aBossink, Bart A.G. | |
| 700 | 1 | _aVande Putte, Herman J.M. | |
| 942 | _n0 | ||
| 999 |
_c106716 _d106716 |
||